Obálka Náhled e-knihy:
PDF Epub
Pro půjčování e-knih musíte být přihlášeni.
Jak si půjčit online?

Polární záře. Kouzlo divokých koní /

Pokračování dívčího románu s nádechem fantastiky, který se odehrává na Islandu a nechybí v něm koně, dobrodružství ani romantické vztahy.

Uloženo v:
Série:Polární záře, část 2
Hlavní autor: Müller, Karin, 1967- (Autor)
Další autoři: Řežábek, Rudolf, 1944- (Autor)
Médium: E-kniha
Jazyk:Czech
Vydáno: V Praze : Fragment, 2023
Vydání:1. vydání
Témata:
Příbuzné jednotky:Přeloženo z: Nordlicht
Z cyklu:: Polární záře
Tagy:
Žádné tagy
LEADER 02809nam a2200529 i 4500
001 312165
003 CZ PrSKC
005 20260601215718.0
007 ta
008 231110s2023 xr c 000 f cze
015 |a cnb003565879 
020 |a 9788025365632  |q (vázáno) :  |c Kč 349,00 
035 |a (OCoLC)1420608317 
040 |a ABG001  |b cze  |e rda 
041 1 |a cze  |h ger 
072 7 |a 821.112.2-3  |x Německá próza, německy psaná  |2 Konspekt 
072 7 |a 821-93  |x Literatura pro děti a mládež (beletrie)  |2 Konspekt 
080 |a 821.112.2-31  |2 MRF 
080 |a 821-93  |2 MRF 
080 |a (0:82-31)-055.25  |2 MRF 
100 1 |a Müller, Karin,  |d 1967-  |7 xx0004247  |4 aut 
240 1 0 |a Im Bann der wilden Pferde.  |l Česky 
245 1 0 |a Polární záře.  |p Kouzlo divokých koní /  |c Karin Müllerová ; z německého originálu Nordlicht - Im Bann der wilden Pferde ... přeložil Rudolf Řežábek 
246 3 0 |a Kouzlo divokých koní 
250 |a 1. vydání 
264 1 |a V Praze :  |b Fragment,  |c 2023 
300 |a 222 stran ;  |c 22 cm 
336 |a text  |b txt  |2 rdacontent 
337 |a bez média  |b n  |2 rdamedia 
338 |a svazek  |b nc  |2 rdacarrier 
520 2 |a Pokračování dívčího románu s nádechem fantastiky, který se odehrává na Islandu a nechybí v něm koně, dobrodružství ani romantické vztahy.  |b Elin je zpátky na Islandu. Nemůže se dočkat, až uvidí klisnu Ljósadís, která stále hluboce truchlí po svém ztraceném hříběti. Také doufá, že se sejde s Kárim, tajuplným chlapcem, který umí skvěle zacházet s koňmi a do kterého se dokonce trochu zamilovala. Kári ale beze stopy zmizel. Při jedné vyjížďce islandskou vysočinou se Elin dostane na stopu magickému tajemství. Kam ji nové dobrodružství zavede? Nakladatelská anotace. Kráceno. 
521 8 |a Pro čtenáře od 12 let 
655 7 |a německé romány  |7 fd132945  |2 czenas 
655 7 |a dívčí romány  |7 fd132186  |2 czenas 
655 7 |a publikace pro děti  |7 fd133156  |2 czenas 
655 9 |a German fiction  |2 eczenas 
655 9 |a girls' novels  |2 eczenas 
655 9 |a children's literature  |2 eczenas 
700 1 |a Řežábek, Rudolf,  |d 1944-  |7 ola2003198081  |4 trl 
765 0 |t Nordlicht 
787 0 8 |i Z cyklu:  |t Polární záře  |g 2 
900 |a ABA001  |b 21 
928 9 |a Albatros Media - Fragment 
044 |a xr 
910 |a RBIT002 
998 |d 390243  |a https://core.palmknihy.cz/api/books/390243/cover?s34nau  |b https://core.palmknihy.cz/api/books/390243/cover/400?s34nau  |c https://core.palmknihy.cz/api/books/390243/cover/50?s34nau  |e 2029-08-26  |g 224  |i 9788025365632  |j https://core.palmknihy.cz/api/books/390243/preview.epub  |k https://core.palmknihy.cz/api/books/390243/preview.pdf  |l   |q 49  |r 1  |s https://www.palmknihy.cz/kniha/390243  |t ebook  |y 2023  |z 0  |v Polární záře  |w 2 
999 |d 312163